000 00689nam a2200229Ii 4500
003 JO-AjNU
008 230605s9999||||xx |||||||||||||| ||und||
017 _a1431/1773
020 _a978-603-00-4483-2
040 _aJO-AjNU
_bara
_erda
_cJO-AjNU
041 _aara
050 1 4 _aPJ7828 2010
100 3 _aالازوري، سارة,
_eauthor
_957549
245 0 0 _aنصف رجل
250 _aط1
264 3 1 _aالرياض: دار المفردات للنشر والتوزيع، 2010
300 _a62ص
336 _atext
_btxt
_2rdacontent
337 _aunmediated
_bn
_2rdamedia
338 _avolume
_bnc
_2rdacarrier
650 4 _aالقصص القصيره-السعوديه
_957550
999 _aA25797
_c29365
_d29365